000 00764nam a22002412 4500
001 0000000360
005 20151021151047.0
008 070124s xx 000 0 eng d
020 _a0321349806 :
_cKES 3,950
040 _aKABU
_cKABU
050 0 _aQA76.73
_b.J38A76 2006
100 1 _aArnold, Ken.
_@0000148361
245 1 4 _aThe Java programming language /
_cKen Arnold, James Gosling, David Holmes.
250 _a4th ed.
260 _aBoston :
_bAddison-Wesley,
_c2006.
300 _axxiil, 891 p.
650 0 _aJava (Computer program language)
_@0000148169
700 1 _aGosling, James.
_@0000148362
700 1 _aHolmes, David.
_@0000148363
908 _a070124
950 _@1
999 _c214
_d214